La lucha por la paz en Centroamérica 1987 vista por la prensa y caricatura costarricense/
Los medios de comunicación colectiva a través de sus informaciones y línea editorial constituyen uno de los termómetros de la sociedad y buscan formar una opinión favorable a intereses particulares. Tanto el discurso periodístico escrito como la caricatura, marcan las tendencias actuales en torno a...
Guardado en:
| Hovedforfatter: | |
|---|---|
| Format: | Bog |
| Sprog: | Spanish |
| Fag: | |
| Tags: |
Tilføj Tag
Ingen Tags, Vær først til at tagge denne postø!
|
MARC
| LEADER | 00000nam a22000007a 4500 | ||
|---|---|---|---|
| 003 | cru CIDCACS/IIS | ||
| 005 | 20170131094715.0 | ||
| 007 | TA | ||
| 008 | 170130s1988 cr ||||| |||| 00| 0 spa d | ||
| 040 | |c cru CIDCACS/IIS | ||
| 090 | |a REV0040 14 (1-2) | ||
| 100 | 1 | |9 1852 |a Pérez Yglesias, María | |
| 245 | 1 | 3 | |a La lucha por la paz en Centroamérica 1987 vista por la prensa y caricatura costarricense/ |c María Pérez Yglesias |
| 300 | |a páginas 143-169: | ||
| 520 | |a Los medios de comunicación colectiva a través de sus informaciones y línea editorial constituyen uno de los termómetros de la sociedad y buscan formar una opinión favorable a intereses particulares. Tanto el discurso periodístico escrito como la caricatura, marcan las tendencias actuales en torno al conflicto centroamericano y la lucha por la paz. Un análisis cuidadoso de las matrices semánticas de cada una de las producciones impresas, durante el período enero 1987-febrero 1988, evidencia dos grupos de posiciones: las "norteamericanizadas" y las "latinoamericanistas". La caricatura como práctica de síntesis, donde se mezclan diferentes códigos, abre un espacio al humor, la reflexión y el diálogo, tanto con los artículos escritos en el medio donde se publica como en la realidad de donde parte y a donde se dirige. El proceso de búsqueda de paz en el itsmo, se ilustra y cuestiona con caricaturas de orientaciones ideológico-políticas diversas. AR/JM | ||
| 650 | 1 | 0 | |9 10 |a MEDIOS DE COMUNICACION DE MASAS |
| 650 | 0 | |9 1853 |a PRENSA | |
| 650 | 0 | |9 1854 |a DIBUJANTES | |
| 650 | 0 | |9 1855 |a IDEOLOGIAS POLITICAS | |
| 650 | 1 | 0 | |9 138 |a PAZ |
| 650 | 1 | 0 | |9 378 |a GUERRA |
| 650 | 0 | |9 1856 |a ANALISIS COMPARATIVO | |
| 650 | 1 | 0 | |9 238 |a INVESTIGACION SOBRE LA COMUNICACION |
| 650 | 0 | |9 1857 |a PUBLICACIONES INSTITUTO DE INVESTIGACIONES SOCIALES-UCR | |
| 651 | 1 | 0 | |9 32 |a COSTA RICA |
| 773 | 0 | |0 18765 |9 235 |a Universidad de Costa Rica |d San José, Costa Rica: Editorial Universidad de Costa Rica, 1974- |o MFN0001 |t Anuario de Estudios Centroaméricanos / |x 03777316 | |
| 942 | |2 ddc |c PP | ||
| 999 | |c 18829 |d 18829 | ||
